Catálogo

Un reto para el actor / (Registro nro. 10965)

Detalles MARC
000 -LEADER
fixed length control field 01410cam a2200373 i 4500
001 - CONTROL NUMBER
control field 10965
003 - CONTROL NUMBER IDENTIFIER
control field Mx-PuUPA
005 - DATE AND TIME OF LATEST TRANSACTION
control field 20260126125514.0
008 - FIXED-LENGTH DATA ELEMENTS--GENERAL INFORMATION
fixed length control field 140415s2024 mx gr 000 0 spa d
017 ## - COPYRIGHT OR LEGAL DEPOSIT NUMBER
Copyright or legal deposit number B-7-114-2009
020 ## - INTERNATIONAL STANDARD BOOK NUMBER
International Standard Book Number 9788484281306
040 ## - CATALOGING SOURCE
Transcribing agency Mx-PuUPA
Original cataloging agency Mx-PuUPA
Language of cataloging spa
Modifying agency Mx-PuUPA
Description conventions rda
041 1# - LANGUAGE CODE
Language code of text/sound track or separate title spa
Language code of original eng
100 1# - MAIN ENTRY--PERSONAL NAME
Personal name Hagen, Uta,
Dates associated with a name 1919-2004
Relator term autor
9 (RLIN) 17714
240 12 - UNIFORM TITLE
Uniform title A challenge for the actor.
Language of a work Español
245 13 - TITLE STATEMENT
Title Un reto para el actor /
Statement of responsibility, etc. Uta Hagen ; traducción, Elena Vilallonga
250 ## - EDITION STATEMENT
Edition statement Octava edición /
Remainder of edition statement octubre
264 #1 - PRODUCTION, PUBLICATION, DISTRIBUTION, MANUFACTURE, AND COPYRIGHT NOTICE
Place of production, publication, distribution, manufacture Barcelona :
Name of producer, publisher, distributor, manufacturer Alba Editorial,
Date of production, publication, distribution, manufacture, or copyright notice 2024
300 ## - PHYSICAL DESCRIPTION
Extent 428 páginas ;
Dimensions 21 cm
336 ## - CONTENT TYPE
Fuente rdacontent
Content type term texto
Content type code txt
337 ## - MEDIA TYPE
Source rdamedia
Media type term sin medio
Media type code n
338 ## - CARRIER TYPE
Source rdacarrier
Carrier type term volumen
Carrier type code nc
490 0# - SERIES STATEMENT
Series statement Artes escénicas
650 #7 - SUBJECT ADDED ENTRY--TOPICAL TERM
Source of heading or term armarc
Topical term or geographic name entry element Actuación teatral
650 #7 - SUBJECT ADDED ENTRY--TOPICAL TERM
Source of heading or term armarc
Topical term or geographic name entry element Actores
General subdivision Formación profesional
650 #7 - SUBJECT ADDED ENTRY--TOPICAL TERM
Source of heading or term armarc
Topical term or geographic name entry element Actuación teatral
General subdivision Enseñanza
700 1# - ADDED ENTRY--PERSONAL NAME
Personal name Vilallonga, Elena,
Relator term traductor
765 0# - ORIGINAL LANGUAGE ENTRY
Main entry heading Hagen, Uta, 1919-2004
Title A challenge for the actor.
942 ## - ADDED ENTRY ELEMENTS (KOHA)
Source of classification or shelving scheme Dewey Decimal Classification
Koha item type Libro
Classification part 792.028
Item part H54
Existencias
Withdrawn status Lost status Source of classification or shelving scheme Damaged status Not for loan Collection code Home library Current library Shelving location Date acquired Source of acquisition Cost, normal purchase price Total Checkouts Full call number Barcode Date last seen Cost, replacement price Price effective from Koha item type
    Dewey Decimal Classification     General Biblioteca Karol Wojtyla Biblioteca Karol Wojtyla Sala general 10/11/2025 2 717.96   792.028 H54 2024 106156 03/02/2026 717.96 10/11/2025 Libro